极·中国地理1.02 - Statistics

General Stats
  • This quiz has been taken 92 times
  • The average score is 11 of 17
Answer Stats
Hint Answer % Correct
中国哪个省的海岸线最长? 广东省
96%
中国有“草原钢城”之称的城市是哪个? 包头市
92%
中国哪座城市以其大规模的保存完好的古代城墙闻名,且该城墙是世界上现存规模最大的古城墙? 西安
91%
南岭山脉的主峰是? 猫儿山
87%
中国哪个城市被称为“东方底特律”,因其发达的汽车制造业而得名? 长春
86%
中国哪个湖泊在历史上被称为“彭蠡泽”? 鄱阳湖
86%
中国最年轻的火山是哪个? 五大连池火山
78%
中国最早发现并利用热泉的地方是在哪个城市的那个区? 广州市从化区
78%
中国哪个岛屿被称为“海上仙山”,与“蓬莱”和“方丈”齐名? 南麂岛
75%
中国最深的淡水湖是哪个? 长白山天池
61%
中国唯一的海洋性冰川分布在哪座山脉? 阿尔泰山脉
59%
渤海海域的最大岛屿是? 长山岛
53%
中国境内最深的淡水湖是哪个? 抚仙湖
46%
中国唯一的地热间歇喷泉位于哪里(县)? 腾冲
37%
中国哪个地方的地热资源非常丰富,被称为“天然地热博物馆”? 西藏
24%
中国哪个省份拥有“万年冰洞”? 山西省
11%
中国最早的火山活动遗址发现于哪里? 黑龙江省
1%
No matching quizzes found
Score Distribution
Percent of People with Each Score
Percentile by Number Answered
Your Score History
You have not taken this quiz